Super Mario 64 Power Stars: Jolly Roger Bay - Statistics

General Stats
  • This quiz has been taken 60 times
  • The average score is 6 of 7
Answers on the Map
Answers color-coded by a green-red scale on the quiz's map according to % correct below.
 
Answer Stats
# Star % Correct
2 Can the {Eel} Come Out to Play?
98%
6 Through the {Jet} Stream
96%
4 {Red} {Coins} on the Ship Afloat
89%
5 Blast to the Stone {Pillar}
82%
1 Plunder in the {Sunken} {Ship}
82%
3 {Treasure} of the Ocean Cave
76%
7 {Switch} {Star} of the Bay
60%
No matching quizzes found
Score Distribution
Percent of People with Each Score
Percentile by Number Answered
Your Score History
You have not taken this quiz